000 00235nam a2200109Ia 4500
008 190216s9999||||xx |||||||||||||| ||und||
100 _aMilton F Usry
245 0 _aCost Accounting
260 _bNull
_c1967
300 _a960p
942 _cBK
999 _c4453
_d4453